00249nam a2200097Ia 4500001000800000005001700008008004100025020001800066245004900084260001800133127607920260417160440.0260417s9999 xx 000 0 und d a9786255929846 0aBaşka Bir Yerin ŞarkısıcA. F. Harrold bKetebe Genç